[Event "April Lviv Tradition (IM A-group)"]
[Site "Lviv"]
[Date "2016.04.28"]
[Round "6.2"]
[White "Buksa, Nataliya"]
[Black "Bykovskiy, Oleg"]
[Result "0-1"]
[WhiteElo "2310"]
[BlackElo "2251"]
[PlyCount "150"]
[EventDate "2016.??.??"]

1. e4 g6 2. d4 Nf6 3. Nc3 d6 4. Nf3 Bg7 5. Bc4 c6 6. a4 O-O 7. Bb3 Qc7 8. O-O
e5 9. dxe5 dxe5 10. h3 Na6 11. Be3 Qe7 12. Nd2 Rd8 13. Qc1 Nc5 14. Bc4 Be6 15.
Be2 a5 16. b3 h6 17. Rd1 Kh7 18. Qa3 Bf8 19. Bf1 Nfd7 20. Nc4 Bxc4 21. Bxc4 Qf6
22. Qb2 Ne6 23. Nb1 Bc5 24. Bxe6 Bxe3 25. fxe3 Qxe6 26. Nd2 f6 27. Qc3 Qe7 28.
Nf1 Qb4 29. Qxb4 axb4 30. Kf2 Nc5 31. Kf3 f5 32. exf5 gxf5 33. Ng3 Kg6 34. e4
f4 35. Nf5 Ne6 36. h4 c5 37. g3 fxg3 38. Kxg3 Nd4 39. Ne3 Kh5 40. Kh3 Rg8 41.
Rg1 Ne2 42. Rxg8 Rxg8 43. Ng2 Rg3+ 44. Kh2 Kg4 45. Ne1 Re3 46. Nd3 Rh3+ 47. Kg2
Nf4+ 48. Nxf4 exf4 49. Re1 f3+ 50. Kf2 Kf4 51. Kg1 Kg3 52. Re3 Rxh4 53. e5 Rd4
54. Rd3 Re4 55. Kf1 Rxe5 56. Rd7 Rh5 57. Rg7+ Kf4 58. Rxb7 Rh1+ 59. Kf2 Rh2+
60. Kf1 Rxc2 61. Rc7 Ke3 62. Re7+ Kd4 63. Re6 h5 64. Rd6+ Kc3 65. a5 Kxb3 66.
Rd3+ Kc4 67. Rxf3 Kb5 68. Ke1 Kxa5 69. Rh3 c4 70. Kd1 b3 71. Rxh5+ Kb4 72. Rh8
Rg2 73. Kc1 Rg1+ 74. Kd2 c3+ 75. Kd3 Rd1+ 0-1

[Event "April Lviv Tradition (IM A-group)"]
[Site "Lviv"]
[Date "2016.04.28"]
[Round "6.2"]
[White "Anwesh, Upadhyaya"]
[Black "Shkuran, Daniil"]
[Result "1/2-1/2"]
[WhiteElo "2385"]
[BlackElo "2425"]
[PlyCount "60"]
[EventDate "2016.04.25"]

1. d4 d5 2. Nf3 Nf6 3. c4 c6 4. cxd5 cxd5 5. Nc3 Nc6 6. Bf4 e6 7. e3 Bd6 8.
Bxd6 Qxd6 9. Bd3 O-O 10. Rc1 a6 11. O-O e5 12. dxe5 Nxe5 13. Nxe5 Qxe5 14. Be2
Be6 15. Qd4 Qxd4 16. exd4 Rac8 17. Na4 Rxc1 18. Rxc1 Rc8 19. Rxc8+ Bxc8 20. Bf3
Kf8 21. Kf1 Ke7 22. Ke2 Kd6 23. Ke3 Bd7 24. Nc3 h6 25. h4 g5 26. hxg5 hxg5 27.
g3 Be6 28. Na4 Bd7 29. Nc3 Be6 30. Na4 Bd7 $11 1/2-1/2

[Event "April Lviv Tradition (IM A-group)"]
[Site "Lviv"]
[Date "2016.04.28"]
[Round "6.3"]
[White "Kubicka, Anna"]
[Black "Punin, Andrii"]
[Result "1-0"]
[WhiteElo "2154"]
[BlackElo "2306"]
[PlyCount "157"]
[EventDate "2016.04.25"]

1. d4 Nf6 2. c4 e6 3. Nf3 d5 4. g3 Be7 5. Bg2 O-O 6. O-O Nbd7 7. Nfd2 c6 8. Nc3
b5 9. cxb5 cxb5 10. Nxb5 Qb6 11. Qa4 Ba6 12. Nc3 Bb4 13. Re1 Rac8 14. Rb1 e5
15. Bh3 Rc7 16. a3 exd4 17. axb4 dxc3 18. bxc3 Bb5 19. Qa1 Re8 20. Nf3 Nf8 21.
Nd4 Bd7 22. Bxd7 N8xd7 23. Bf4 Rc4 24. Rb3 Nh5 25. Be3 Rxe3 26. fxe3 Qh6 27.
Qxa7 Qxe3+ 28. Kg2 Nhf6 29. Nb5 Qd2 30. Rbb1 Re4 31. Nd6 Rxe2+ 32. Rxe2 Qxe2+
33. Qf2 Qe5 34. Qf4 Qxc3 35. Rc1 Qb2+ 36. Kh3 Qe2 37. Rc8+ Nf8 38. Nf5 Qe6 39.
Rc6 Qe2 40. Rc8 Qe6 41. Rc6 Qe2 42. Rxf6 Qh5+ 43. Qh4 Qxh4+ 44. Kxh4 gxf6 45.
Ne7+ Kg7 46. Nxd5 Ne6 47. Kg4 h6 48. h4 Nd4 49. Ne7 Kf8 50. Nf5 h5+ 51. Kf4
Ne6+ 52. Ke4 Ke8 53. Kd5 Kd7 54. b5 Kc7 55. Nd6 Ng7 56. Kc5 Ne6+ 57. Kd5 Ng7
58. Ne4 f5 59. Nf6 f4 60. gxf4 Nf5 61. Kc5 Nxh4 62. Nxh5 f5 63. Ng7 Ng6 64.
Ne6+ Kd7 65. Kd5 Kc8 66. Kc6 Ne7+ 67. Kd6 Ng6 68. Kc6 Ne7+ 69. Kc5 Ng6 70. Kb6
Kb8 71. Ka6 Ne7 72. b6 Nd5 73. Kb5 Kb7 74. Nc5+ Kb8 75. Kc6 Ne7+ 76. Kd6 Nc8+
77. Ke6 Nxb6 78. Nd7+ Nxd7 79. Kxd7 1-0

[Event "April Lviv Tradition (IM A-group)"]
[Site "Lviv"]
[Date "2016.04.28"]
[Round "6.4"]
[White "Madsen, Michael Ole"]
[Black "Winiarski, Mikolaj"]
[Result "0-1"]
[WhiteElo "2036"]
[BlackElo "2150"]
[PlyCount "68"]
[EventDate "2016.04.25"]

1. d4 Nf6 2. c4 e6 3. Nc3 Bb4 4. Qc2 O-O 5. a3 Bxc3+ 6. Qxc3 d6 7. Bg5 h6 8.
Bh4 Nbd7 9. e3 b6 10. Nf3 Bb7 11. Be2 Qe7 12. O-O Rfe8 13. b4 Ne4 14. Qc2 Qf8
15. Nd2 Nxd2 16. Qxd2 e5 17. Bg4 f5 18. Bh5 g6 19. Be2 g5 20. Bh5 gxh4 21. Bxe8
Rxe8 22. d5 h3 23. f3 Qg7 24. Ra2 Qxg2+ 25. Qxg2+ hxg2 26. Rxg2+ Kf7 27. Kf2
Rg8 28. Rfg1 Rxg2+ 29. Rxg2 e4 30. f4 b5 31. cxb5 Bxd5 32. Ke1 Bb3 33. Rd2 Ba4
34. Rd4 Nb6 0-1

[Event "April Lviv Tradition (IM A-group)"]
[Site "Lviv"]
[Date "2016.04.28"]
[Round "6.1"]
[White "Cukrowski, Filip"]
[Black "Bondarets, Vadim"]
[Result "1-0"]
[WhiteElo "2346"]
[BlackElo "2292"]
[PlyCount "115"]
[EventDate "2016.??.??"]

1. e4 d6 2. d4 Nf6 3. Nc3 c6 4. f4 Qb6 5. Nf3 Bg4 6. Be2 e6 7. h3 Bxf3 8. Bxf3
d5 9. e5 Nfd7 10. O-O c5 11. dxc5 Nxc5 12. Kh2 Nc6 13. Rb1 O-O-O 14. b4 Nd7 15.
Na4 Qc7 16. Be3 Ncxe5 17. Bxa7 Nc4 18. Bf2 Qxf4+ 19. Bg3 Qd2 20. Be2 Qxd1 21.
Rbxd1 Ne3 22. Rxf7 Nxd1 23. Bb5 e5 24. Bxd7+ Rxd7 25. Nb6+ Kc7 26. Nxd7 Bxb4
27. Nxe5+ Kb6 28. Rxg7 Ne3 29. Bf2 d4 30. Bxe3 dxe3 31. Nc4+ Kc6 32. Nxe3 Bd6+
33. g3 Re8 34. Ng2 Re2 35. Rxh7 b5 36. Ra7 Rxc2 37. h4 Kb6 38. Ra8 Kb7 39. Re8
Rxa2 40. h5 Kc6 41. h6 Ra7 42. Ne3 Rh7 43. Nf5 Kd7 44. Re1 Bf8 45. Kg2 Bb4 46.
Re4 Bc3 47. g4 b4 48. Re3 Kc6 49. g5 Rf7 50. g6 Rxf5 51. g7 Bxg7 52. hxg7 Rg5+
53. Rg3 Rxg7 54. Rxg7 Kd5 55. Kf3 Kd4 56. Ke2 Kc3 57. Rc7+ Kb2 58. Kd3 1-0

[Event "April Lviv Tradition (IM A-group)"]
[Site "Lviv"]
[Date "2016.04.29"]
[Round "7.2"]
[White "Winiarski, Mikolaj"]
[Black "Cukrowski, Filip"]
[Result "0-1"]
[WhiteElo "2150"]
[BlackElo "2346"]
[PlyCount "206"]
[EventDate "2016.04.25"]

1. d4 Nf6 2. c4 g6 3. g3 Bg7 4. Bg2 O-O 5. Nc3 c6 6. e4 d6 7. Nf3 e5 8. O-O
Nbd7 9. h3 Re8 10. Re1 Qc7 11. b3 a6 12. a4 b6 13. Ba3 exd4 14. Nxd4 Bb7 15.
Rc1 Rad8 16. Kh2 h5 17. b4 h4 18. b5 hxg3+ 19. fxg3 c5 20. bxa6 Bxa6 21. Ndb5
Bxb5 22. Nxb5 Qb8 23. Qxd6 Ne5 24. Qxb8 Rxb8 25. Red1 Red8 26. a5 bxa5 27.
Rxd8+ Rxd8 28. Bxc5 Rc8 29. Bd4 Rxc4 30. Rxc4 Nxc4 31. Bc3 $11 Nd7 32. Bf1 Ndb6
33. Bd3 Bxc3 34. Nxc3 Kg7 35. h4 Kf6 36. g4 Ne5 37. g5+ Ke7 38. Bc2 Nbd7 39.
Nb5 Nc5 40. Kg3 a4 41. h5 gxh5 42. Kh4 Kf8 43. Kxh5 Kg7 44. Bxa4 Nxa4 45. Nd6
Nc3 46. Nxf7 $11 Kxf7 47. g6+ Kg7 48. Kg5 Ne2 49. Kf5 Nc6 50. e5 Ned4+ 51. Ke4
Ne6 52. Kd5 Ncd4 53. Ke4 Ne2 54. Kd5 N2f4+ 55. Kd6 Kxg6 56. Kc6 Kf7 57. Kd6 Ke8
58. Kc6 Ke7 59. Kb5 Kd7 60. Kc4 Kc6 61. Kc3 Kd5 62. Kd2 Kd4 63. Kc2 Nd5 64. Kd2
Nc3 65. Kc2 Ne4 66. Kb3 Kc5 67. Kc2 Kc4 68. Kd1 Kd3 69. Ke1 Nc3 70. Kf2 Ke4 71.
Kg3 Nd5 72. Kf2 Kd3 73. Ke1 Ke3 74. Kd1 Nb4 75. Ke1 Nc2+ 76. Kd1 Kd3 77. Kc1
Ne3 78. Kb2 Kc4 79. Ka3 Kc3 80. Ka4 Kc4 81. Ka3 Nd1 82. Ka4 Nb2+ 83. Ka5 Kc5
84. Ka6 Nc4 85. Kb7 Kb5 86. Kc8 Kc6 87. Kb8 Nd2 88. Ka7 Kb5 89. Kb7 Nb3 90. Kc8
Kc6 91. Kb8 Nbc5 92. Kc8 Kb5 93. Kb8 Kb6 94. Kc8 Kc6 95. Kb8 Kd7 96. Ka7 Kc7
97. Ka8 Nd3 98. Ka7 Nb4 99. Ka8 Nd5 100. Ka7 Nc5 101. e6 Ne7 102. Ka8 Kb6 103.
Kb8 Na6+ 0-1

[Event "April Lviv Tradition (IM A-group)"]
[Site "Lviv"]
[Date "2016.04.29"]
[Round "7.3"]
[White "Punin, Andrii"]
[Black "Madsen, Michael Ole"]
[Result "1-0"]
[WhiteElo "2306"]
[BlackElo "2036"]
[PlyCount "65"]
[EventDate "2016.04.25"]

1. Nf3 d5 2. b3 Nf6 3. e3 Bf5 4. Bb2 e6 5. d3 h6 6. Be2 Be7 7. O-O O-O 8. c4 c6
9. Re1 Nbd7 10. a3 a5 11. Nc3 dxc4 12. bxc4 Nc5 13. d4 Nce4 14. Nxe4 Nxe4 15.
Bd3 Ng5 16. Nxg5 Bxg5 17. Bxf5 exf5 18. Qc2 Qd7 19. Rad1 Rfc8 20. Rd3 b5 21.
Rc3 Re8 22. Rd1 Re4 23. cxb5 cxb5 24. Rc7 Qe8 25. g3 b4 26. axb4 axb4 27. d5
Bd8 28. Rb7 Ra6 29. d6 Rc6 30. Qd3 Re6 31. d7 Qe7 32. Qxf5 Rc2 33. Qxc2 1-0

[Event "April Lviv Tradition (IM A-group)"]
[Site "Lviv"]
[Date "2016.04.29"]
[Round "7.4"]
[White "Shkuran, Daniil"]
[Black "Kubicka, Anna"]
[Result "1-0"]
[WhiteElo "2425"]
[BlackElo "2154"]
[PlyCount "79"]
[EventDate "2016.04.25"]

1. Nf3 Nf6 2. g3 g6 3. Bg2 Bg7 4. O-O O-O 5. d3 d6 6. c4 e5 7. Nc3 Nbd7 8. Rb1
a5 9. a3 c6 10. b4 axb4 11. axb4 d5 12. Bg5 Qc7 13. cxd5 Nxd5 14. Nxd5 cxd5 15.
Qb3 Qd6 16. Be3 b6 17. d4 e4 18. Bf4 Qc6 19. b5 Qb7 20. Rbc1 exf3 21. Bxf3 Qa7
22. Qxd5 Rb8 23. Ra1 Qb7 24. Qb3 Bxd4 25. Bxb7 Rxb7 26. Ra8 Nc5 27. Qd5 Rd7 28.
Bd6 Bg7 29. Bxf8 Rxd5 30. Be7 Bd4 31. Rxc8+ Kg7 32. Bf8+ Kf6 33. e3 Be5 34.
Bxc5 bxc5 35. Rb1 Ke7 36. b6 Rd8 37. b7 Bb8 38. Rc1 Ba7 39. Rxd8 Kxd8 40. Rxc5
1-0

[Event "April Lviv Tradition (IM A-group)"]
[Site "Lviv"]
[Date "2016.04.29"]
[Round "7.2"]
[White "Bykovskiy, Oleg"]
[Black "Anwesh, Upadhyaya"]
[Result "0-1"]
[WhiteElo "2251"]
[BlackElo "2385"]
[PlyCount "106"]
[EventDate "2016.??.??"]

1. Nc3 c5 2. Nf3 g6 3. g3 Bg7 4. Bg2 Nc6 5. e4 d6 6. O-O e5 7. Nd5 Nge7 8. d3
Nxd5 9. exd5 Ne7 10. c4 h6 11. Rb1 a5 12. b3 b5 13. Bb2 Bg4 14. cxb5 Nxd5 15.
Qe1 O-O 16. Nd2 Be6 17. Nc4 a4 18. Qd1 axb3 19. Qxb3 f5 20. a4 f4 21. Nd2 Nc7
22. Qd1 Rb8 23. Nc4 Nd5 24. Re1 h5 25. Be4 Ne7 26. Bg2 Nf5 27. Bc3 Qg5 28. a5
fxg3 29. fxg3 h4 30. g4 h3 31. Bxh3 Nh4 32. Bd2 Qe7 33. Rf1 Rxf1+ 34. Bxf1 Rf8
35. b6 Bd5 36. Be2 Qd7 37. Ne3 Bb7 38. a6 Bxa6 39. b7 Rb8 40. Be1 Bh6 41. Nd5
Qf7 42. Bxh4 Qxd5 43. Bf3 Qd4+ 44. Kg2 Bxd3 45. Ra1 e4 46. Ra8 Qb2+ 47. Kh3
Qxb7 48. Qxd3 Rxa8 49. Bxe4 Ra3 50. Qxa3 Qxe4 51. Qa6 Bf8 52. Bg3 c4 53. Bxd6
Bxd6 0-1

[Event "April Lviv Tradition (IM A-group)"]
[Site "Lviv"]
[Date "2016.04.29"]
[Round "8.1"]
[White "Buksa, Nataliya"]
[Black "Anwesh, Upadhyaya"]
[Result "1/2-1/2"]
[WhiteElo "2310"]
[BlackElo "2385"]
[PlyCount "62"]
[EventDate "2016.??.??"]

1. e4 e5 2. Nf3 Nf6 3. Nxe5 d6 4. Nf3 Nxe4 5. Nc3 Nxc3 6. dxc3 Be7 7. Be3 Nc6
8. Qd2 Be6 9. O-O-O a6 10. Kb1 Qd7 11. h3 O-O-O 12. b3 Bf6 13. Nd4 Nxd4 14.
Bxd4 Bxd4 15. cxd4 d5 16. Bd3 Bf5 17. Rhe1 Rhe8 18. f3 Bg6 19. Bxg6 hxg6 20.
Rxe8 Rxe8 21. Re1 f6 22. Re3 Rxe3 23. Qxe3 Kd8 24. Kb2 Qe7 25. Qd3 g5 26. a4 c6
27. Qd2 Kc8 28. Qf2 Qd6 29. Qe3 Kd8 30. Qe2 Qd7 31. Qd3 Kc7 1/2-1/2

[Event "April Lviv Tradition (IM A-group)"]
[Site "Lviv"]
[Date "2016.04.29"]
[Round "8.2"]
[White "Kubicka, Anna"]
[Black "Bykovskiy, Oleg"]
[Result "0-1"]
[WhiteElo "2154"]
[BlackElo "2251"]
[PlyCount "108"]
[EventDate "2016.??.??"]

1. e4 g6 2. d4 Nf6 3. e5 Nh5 4. Be2 d6 5. Bxh5 gxh5 6. Qxh5 Rg8 7. Nf3 dxe5 8.
Nxe5 Be6 9. Nc3 Qxd4 10. Be3 Qb4 11. O-O-O Nc6 12. a3 Qa5 13. Qxh7 Rg7 14. Nxc6
Qxc3 15. bxc3 Rxh7 16. Nd4 Bd7 17. Nb3 b6 18. Kb2 e5 19. f3 Be7 20. h4 O-O-O
21. g3 Rg8 22. Bf2 Bc6 23. Nd2 f5 24. Rde1 Bf6 25. Rhg1 Rd8 26. Nc4 Bxf3 27.
Nxe5 Be4 28. Ng4 Bh8 29. Bd4 Rxd4 30. cxd4 Bxd4+ 31. c3 Bxg1 32. Nf6 Bf2 33.
Re2 Rf7 34. Rxf2 Rxf6 35. g4 Rh6 36. gxf5 Rxh4 37. f6 Rh8 38. Re2 Bc6 39. Kb3
Rf8 40. Rf2 Kd7 41. a4 a5 42. c4 Ke6 43. c5 Rxf6 44. Re2+ Kd5 45. cxb6 Rf3+ 46.
Kb2 cxb6 47. Rd2+ Kc5 48. Rc2+ Kd6 49. Rd2+ Bd5 50. Rd4 Kc5 51. Rh4 Rb3+ 52.
Kc2 Rb4 53. Rh8 Rxa4 54. Rc8+ Bc6 0-1

[Event "April Lviv Tradition (IM A-group)"]
[Site "Lviv"]
[Date "2016.04.29"]
[Round "8.3"]
[White "Madsen, Michael Ole"]
[Black "Shkuran, Daniil"]
[Result "0-1"]
[WhiteElo "2036"]
[BlackElo "2425"]
[PlyCount "60"]
[EventDate "2016.04.25"]

1. d4 Nf6 2. c4 g6 3. Nc3 Bg7 4. Nf3 O-O 5. Bf4 d6 6. e3 Nfd7 7. h3 e5 8. Bh2
Nc6 9. Be2 f5 10. Qd2 e4 11. Ng1 Nf6 12. h4 Ne7 13. Nh3 d5 14. Be5 h6 15. Rc1
c6 16. cxd5 Nfxd5 17. f4 exf3 18. gxf3 Bxe5 19. dxe5 Kh7 20. f4 Qb6 21. Kf2 Rd8
22. Na4 Qc7 23. Qc2 Be6 24. Nc5 Bf7 25. a3 b6 26. Nb3 c5 27. Nd4 Nxe3 28. Qa4
Ng4+ 29. Kg1 Nxe5 30. fxe5 Qxe5 0-1

[Event "April Lviv Tradition (IM A-group)"]
[Site "Lviv"]
[Date "2016.04.29"]
[Round "8.4"]
[White "Cukrowski, Filip"]
[Black "Punin, Andrii"]
[Result "1/2-1/2"]
[WhiteElo "2346"]
[BlackElo "2306"]
[PlyCount "101"]
[EventDate "2016.04.25"]

1. e4 c5 2. c3 Nf6 3. e5 Nd5 4. d4 cxd4 5. Nf3 Nc6 6. cxd4 d6 7. Bc4 dxe5 8.
dxe5 Ndb4 9. Qxd8+ Nxd8 10. Na3 a6 11. Bd2 Nbc6 12. Nc2 Be6 13. Be2 g6 14. Bc3
Bg7 15. Ne3 O-O 16. O-O f6 17. exf6 exf6 18. a4 Nf7 19. b4 f5 20. Bxg7 Kxg7 21.
b5 axb5 22. axb5 Rxa1 23. Rxa1 Ncd8 24. Nd4 f4 25. Nc4 Bxc4 26. Bxc4 Re8 27. f3
Kf6 28. Kf2 Nd6 29. Ba2 Re5 30. Rb1 g5 31. h4 h6 32. h5 Nf5 33. Nxf5 Kxf5 34.
Bc4 Kf6 35. Rd1 Ke7 36. Bd5 Ne6 37. Bxb7 Rxb5 $11 38. Be4 Ng7 39. Bg6 Nf5 40.
Bxf5 Rxf5 41. Ra1 Rf6 42. Ra7+ Ke6 43. Ke2 Ke5 44. Ra5+ Kd4 45. Kf2 Rc6 46. Kg1
Rc1+ 47. Kh2 Ke3 48. Ra6 Kf2 49. Ra2+ Ke3 50. Ra6 Kf2 51. Ra2+ $11 1/2-1/2

[Event "April Lviv Tradition (IM A-group)"]
[Site "Lviv"]
[Date "2016.04.29"]
[Round "8.5"]
[White "Bondarets, Vadim"]
[Black "Winiarski, Mikolaj"]
[Result "1-0"]
[WhiteElo "2292"]
[BlackElo "2150"]
[PlyCount "61"]
[EventDate "2016.04.25"]

1. e4 c5 2. Nf3 Nc6 3. d4 cxd4 4. Nxd4 Nf6 5. Nc3 e6 6. Ndb5 Bb4 7. a3 Bxc3+ 8.
Nxc3 d5 9. exd5 exd5 10. Bd3 d4 11. Qe2+ Be6 12. Ne4 Nxe4 13. Qxe4 Qd5 14. Bf4
O-O-O 15. Qxd5 Rxd5 16. O-O-O Rd7 17. Rhe1 h6 18. Be4 Rg8 19. Rd2 g5 20. Bg3
Rgd8 21. f3 Na5 22. b3 d3 23. Kb2 dxc2 24. Rxc2+ Nc6 25. Ree2 a5 26. a4 Rd4 27.
Bxc6 bxc6 28. Rxc6+ Kb7 29. Rc7+ Kb6 30. Rcc2 R8d7 31. Bf2 1-0

[Event "April Lviv Tradition (IM A-group)"]
[Site "Lviv"]
[Date "2016.04.30"]
[Round "9.1"]
[White "Winiarski, Mikolaj"]
[Black "Buksa, Nataliya"]
[Result "1/2-1/2"]
[WhiteElo "2150"]
[BlackElo "2310"]
[PlyCount "85"]
[EventDate "2016.04.25"]

1. e4 c5 2. Nf3 e6 3. c4 Qc7 4. Nc3 a6 5. g3 Nc6 6. Bg2 Nd4 7. d3 Nxf3+ 8. Qxf3
Ne7 9. O-O Nc6 10. Be3 d6 11. Qe2 Nd4 12. Qd2 Be7 13. Bxd4 cxd4 14. Ne2 e5 15.
f4 Bf6 16. b4 a5 17. a3 Bd7 18. h3 h5 19. Rfc1 b6 20. Nxd4 exf4 21. e5 Bxe5 22.
Nb5 Bxb5 23. cxb5 Bd4+ 24. Kh1 Qd8 25. Qe1+ Kf8 26. Bxa8 Qxa8+ 27. Qe4 Qxe4+
28. dxe4 Bxa1 29. Rc8+ Ke7 30. Rxh8 axb4 31. axb4 fxg3 32. Rxh5 Be5 33. Rh8 g6
34. Rg8 Bd4 35. Kg2 Bf2 36. h4 Kd7 37. h5 gxh5 38. Rh8 Ke6 39. Rxh5 Be1 40. Kf3
Bf2 41. Rg5 Kf6 42. Rg8 Ke6 43. Rg5 1/2-1/2

[Event "April Lviv Tradition (IM A-group)"]
[Site "Lviv"]
[Date "2016.04.30"]
[Round "9.2"]
[White "Punin, Andrii"]
[Black "Bondarets, Vadim"]
[Result "1/2-1/2"]
[WhiteElo "2306"]
[BlackElo "2292"]
[PlyCount "63"]
[EventDate "2016.04.25"]

1. d4 Nf6 2. Nf3 g6 3. Bf4 Bg7 4. e3 Nh5 5. Bg5 h6 6. Bh4 c5 7. c3 Qb6 8. Qb3
Qxb3 9. axb3 cxd4 10. Nxd4 Nc6 11. Be2 Nxd4 12. cxd4 g5 13. Bxh5 gxh4 14. Nc3
a6 15. Nd5 Rb8 16. Kd2 d6 17. Rac1 e5 18. dxe5 Bxe5 19. Rc4 Be6 20. Nc7+ Kd7
21. Nxe6 fxe6 22. Rhc1 Rbc8 23. Rxh4 Bxb2 24. Rxc8 Kxc8 25. Rf4 Rh7 26. Rf8+
Kc7 27. f4 d5 28. g4 Kd6 29. h4 a5 30. Bg6 Rg7 31. h5 Rc7 32. Rf7 $11 1/2-1/2

[Event "April Lviv Tradition (IM A-group)"]
[Site "Lviv"]
[Date "2016.04.30"]
[Round "9.1"]
[White "Shkuran, Daniil"]
[Black "Cukrowski, Filip"]
[Result "1/2-1/2"]
[WhiteElo "2425"]
[BlackElo "2346"]
[PlyCount "96"]
[EventDate "2016.??.??"]

1. e4 c5 2. c3 d6 3. d4 Nf6 4. dxc5 Nc6 5. Qc2 dxc5 6. Be3 e6 7. Nf3 Qc7 8. h3
b6 9. Nbd2 Be7 10. Be2 Bb7 11. O-O O-O 12. a4 Rfd8 13. Rfd1 Rac8 14. Bd3 h6 15.
Nc4 e5 16. Qe2 a6 17. Ncd2 Ra8 18. Nh4 Bf8 19. Bc2 Nd4 20. cxd4 cxd4 21. Bb3
dxe3 22. Qxe3 Bc5 23. Qe2 Kh8 24. Nf5 Kh7 25. Rac1 g6 26. Ne3 Qe7 27. Qf3 Rd4
28. Bc2 Rad8 29. Nb3 Rxd1+ 30. Rxd1 Bxe3 31. Qxe3 Rxd1+ 32. Bxd1 Qd6 33. Bf3
Qb4 34. a5 bxa5 35. Nc5 Qxb2 36. Nxb7 Qxb7 37. Qc5 Qb5 38. Qf8 Qe8 39. Qd6 Qe6
40. Qa3 Qb6 41. Qe7 Qe6 42. Qa3 Qc4 43. Qe7 a4 44. Qxf6 a3 45. Be2 Qb3 46. Kh2
a2 47. Qxa6 Qb2 48. Qa7 Qxe2 1/2-1/2

[Event "April Lviv Tradition (IM A-group)"]
[Site "Lviv"]
[Date "2016.04.30"]
[Round "9.2"]
[White "Bykovskiy, Oleg"]
[Black "Madsen, Michael Ole"]
[Result "1-0"]
[WhiteElo "2251"]
[BlackElo "2036"]
[PlyCount "105"]
[EventDate "2016.??.??"]

1. Nc3 d5 2. e4 c6 3. Nf3 Bg4 4. exd5 cxd5 5. h3 Bxf3 6. Qxf3 e6 7. Bb5+ Nc6 8.
O-O Bd6 9. b3 Nge7 10. Bb2 O-O 11. Ne2 Rc8 12. Ng3 Be5 13. c3 a6 14. Bd3 Bb8
15. Bc2 Ng6 16. Rad1 Qa5 17. Bb1 Qc7 18. d4 Rfd8 19. Rfe1 b5 20. Nf1 Nce7 21.
g3 Qd7 22. Qh5 Bd6 23. Nd2 a5 24. Nf3 h6 25. Kh1 a4 26. b4 a3 27. Bxa3 Rxc3 28.
Bb2 Rcc8 29. a3 Qb7 30. Nh2 Nf8 31. Ng4 Neg6 32. f4 f5 33. Nf2 Qf7 34. Qe2 Rb8
35. Bd3 Qb7 36. Rc1 Re8 37. Nd1 Bxf4 38. gxf4 Nxf4 39. Qf3 g5 40. Bf1 N8g6 41.
Rc5 Nh4 42. Qg3 Qg7 43. Ne3 Rb7 44. Ng2 Nhxg2 45. Bxg2 Rf8 46. Bf1 Qg6 47. Bc1
Nh5 48. Qe3 Rf6 49. Bd3 Nf4 50. Rg1 Qh5 51. Bf1 Rg6 52. Rc3 Rgg7 53. Qf3 1-0

[Event "April Lviv Tradition (IM A-group)"]
[Site "Lviv"]
[Date "2016.04.30"]
[Round "9.5"]
[White "Anwesh, Upadhyaya"]
[Black "Kubicka, Anna"]
[Result "0-1"]
[WhiteElo "2385"]
[BlackElo "2154"]
[PlyCount "80"]
[EventDate "2016.04.25"]

1. c4 Nf6 2. g3 g6 3. Bg2 Bg7 4. Nc3 O-O 5. e4 d6 6. Nge2 c5 7. d3 Nc6 8. h3 a6
9. O-O Rb8 10. a4 Nd4 11. Nxd4 cxd4 12. Ne2 Nd7 13. b4 b5 14. cxb5 axb5 15. a5
Ne5 16. Nxd4 Nf3+ 17. Qxf3 Bxd4 18. Rb1 Bb7 19. Be3 Bxe3 20. Qxe3 e6 21. Rfc1
Qd7 22. Qa7 Rfc8 23. Qe3 Ra8 24. Qb6 Ra6 25. Rxc8+ Bxc8 26. Qe3 Qc7 27. h4 h5
28. Bf3 e5 29. Be2 Rc6 30. f4 exf4 31. Qxf4 Rc2 32. Qe3 Qc3 33. Bf1 Kg7 34. Be2
Rd2 35. Bf1 Ra2 36. Re1 Bg4 37. e5 Qc2 38. Be2 Bxe2 39. Qf2 dxe5 40. a6 Bxd3
0-1